إنفاق الأسرة المصرية على الطعام والشراب 2018/2017 /

يعتبر بحث الدخل والإنفاق والاستهلاك من أهم الأحاث الاحصائية التى يجريها الجهاز علي الإطلاق والذي يعد بمثابة خريطة طريق يتم الاعتماد عليها للتعرف علي تطور مستويات المعيشة ومستويات الدخل لجميع شرائح المجتمع....

全面介绍

Saved in:
书目详细资料
主要作者: الجهاز المركزى للتعبئة العامة والإحصاء
格式: 序列
语言:阿拉伯语
出版: القاهرة : الجهاز المركزى للتعبئة العامة و الإحصاء 2020
主题:
标签: 添加标签
没有标签, 成为第一个标记此记录!

MARC

LEADER 00000cas a2200000 a 4500
003 INP
005 20210518103601.0
008 130911uuuuuuuuuua ur s o0 f0ara d
952 |0 0  |1 0  |4 0  |6 339_470000000000000_إ_ن  |7 0  |9 20892  |a INP  |b INP  |c MAIN  |d 2021-03-09  |l 0  |o 339.47 إ ن  |p 022017  |r 2022-03-28 00:00:00  |w 2021-03-09  |y PUB  |0 0 
999 |c 16924  |d 16924 
040 |a EG-INP  |c EG-INP  |b ara 
082 0 4 |a 339.47  |b إ ن  |2 21 
100 |a الجهاز المركزى للتعبئة العامة والإحصاء. 
245 0 0 |a إنفاق الأسرة المصرية على الطعام والشراب 2018/2017 /  |c الجهاز المركزى للتعبئة العامة والإحصاء. 
260 |a القاهرة :   |b الجهاز المركزى للتعبئة العامة و الإحصاء   |c 2020 
300 |a مج. :  |b ايض. ؛  |c 29 سم 
500 |a "2018-مرجع رقم 72-13005." 
500 |a إصدار يولية 2020. 
520 |a يعتبر بحث الدخل والإنفاق والاستهلاك من أهم الأحاث الاحصائية التى يجريها الجهاز علي الإطلاق والذي يعد بمثابة خريطة طريق يتم الاعتماد عليها للتعرف علي تطور مستويات المعيشة ومستويات الدخل لجميع شرائح المجتمع.  
650 7 |a النفقات المنزلية  |v احصائيات  |2 qrmak 
650 7 |a الاستهلاك  |2 qrmak 
650 7 |a تكاليف و مستوى المعيشة  |z مصر  |2 qrmak 
901 |a EGPV2 
902 |a egpv34 
903 |a copycat 
942 |c PUB  |2 ddc